000
00315nam a22001337a 4500
008
170731b xxu||||| |||| 00| 0 eng d
020
_a
9780314465603
041
_a
eng
080
_a
004
100
_a
32
101
_a
SHK
245
_a
DECISION SUPPORT SYSTEMS PRINCIPLES & PRACTICE
_c
BIDGOLI,H
942
_2
udc
_c
BK
999
_c
22306
_d
22306